000 00834nai a2200217Ia 4500
003 IN-BaIIA
008 211028c9999 xx s 000 0 eng d
022 _a1545-5955 (Print)
022 _a1558-3783 (Online)
040 _cIIA Library
245 0 _aIEEE Transactions on Automation Science and Engineering
_h[eJournal]
260 _aNew York, USA
_bThe Institute of Electrical and Electronics Engineers, Inc. (IEEE)
310 _aQuarterly
362 _a1(1); 2004 - Present
521 _bSubscribed through National Knowledge Resource Consortium (NKRC)
650 _a Components, Circuits, Devices and Systems
650 _a Power, Energy and Industry Applications
650 _aRobotics and Control Systems
856 _uhttps://ieeexplore.ieee.org/servlet/opac?punumber=8856
_yClick Here to Access eJournal
942 _cEJ
999 _c34617
_d34617